Quiz da República do Congo - Statistics

Estatísticas Gerais
  • Esse quiz foi jogado 426 vezes
  • A pontuação média é 11 de 16
Estatísticas das Respostas
Dica Resposta % Correto
Países fazendo fronteira com a R.d.Congo R. D. do Congo
93%
Língua oficial Francês
87%
Países fazendo fronteira com a R.d.Congo Angola
85%
Países fazendo fronteira com a R.d.Congo Gabão
84%
Países fazendo fronteira com a R.d.Congo Camarões
83%
Países fazendo fronteira com a R.d.Congo R. Centro-Africana
83%
Capital Brazzaville
78%
Grande golfo fazendo fronteira com a R.d.C. Golfo da {Guiné}
77%
"ismo" que foi a ideologia oficial do país de 1969 a 1992 Marxismo-leninismo
75%
Linha de latitude em que a R.d.C. se encontra Equador
72%
87% das exportações é isso Petróleo
59%
O rio Congo é o rio mais _____ do mundo Profundo
57%
Nome do país durante esses anos República {Popular} do Congo
48%
Grupo indígena de baixa estatura que enfrenta discriminação e escravidão Pigmeus
37%
Segunda maior cidade Pointe-{Noir}e
29%
A R.d.C é a terceira maior produtora desta colheita básica Mandioca
20%
Nenhum quiz correspondente encontrado
Distribuição das Pontuações
Porcentagem de Pessoas com Cada Pontuação
Percentil de Números Respondidos
Sua Pontuação Histórica
Você não jogou esse quiz